Distributed systems : (Record no. 5202)
[ view plain ]
| 000 -LEADER | |
|---|---|
| fixed length control field | 01066cam a22003015a 4500 |
| 008 - FIXED-LENGTH DATA ELEMENTS--GENERAL INFORMATION | |
| fixed length control field | 081214t2005 enka frb 001 0 eng d |
| 010 ## - LIBRARY OF CONGRESS CONTROL NUMBER | |
| LC control number | 2005043613 |
| 020 ## - INTERNATIONAL STANDARD BOOK NUMBER | |
| International Standard Book Number | 0321263545 |
| 020 ## - INTERNATIONAL STANDARD BOOK NUMBER | |
| International Standard Book Number | 9780321263544 |
| 040 ## - CATALOGING SOURCE | |
| Original cataloging agency | EG-ScBUE |
| Language of cataloging | eng |
| Transcribing agency | EG-ScBUE |
| 082 04 - DEWEY DECIMAL CLASSIFICATION NUMBER | |
| Classification number | 004.36 |
| Item number | COU |
| 100 1# - MAIN ENTRY--PERSONAL NAME | |
| Personal name | Coulouris, George. |
| 9 (RLIN) | 4258 |
| 245 10 - TITLE STATEMENT | |
| Title | Distributed systems : |
| Remainder of title | Concepts and design / |
| Statement of responsibility, etc | George Coulouris, Jean Dollimore, Tim Kindberg. |
| 250 ## - EDITION STATEMENT | |
| Edition statement | 4th ed. |
| 260 ## - PUBLICATION, DISTRIBUTION, ETC. (IMPRINT) | |
| Place of publication, distribution, etc | Harlow, England ; |
| Name of publisher, distributor, etc | Addison-Wesley, |
| Date of publication, distribution, etc | c.2005. |
| 300 ## - PHYSICAL DESCRIPTION | |
| Extent | xiv, 927 p. : |
| Other physical details | ill. ; |
| Dimensions | 24 cm. |
| 490 ## - Series Statement | |
| Series statement | International computer science series |
| 500 ## - GENERAL NOTE | |
| General note | Index: p. 909-927. |
| 504 ## - BIBLIOGRAPHY, ETC. NOTE | |
| Bibliography, etc | Bibliography: p. 859-908. |
| 590 ## - LOCAL NOTE (RLIN) | |
| Local note | Mohamed Hussein |
| 650 #0 - SUBJECT ADDED ENTRY--TOPICAL TERM | |
| Topical term or geographic name as entry element | Electronic data processing |
| General subdivision | Distributed processing. |
| 9 (RLIN) | 4260 |
| Source of heading or term | BUEsh |
| 651 ## - SUBJECT ADDED ENTRY--GEOGRAPHIC NAME | |
| Source of heading or term | BUEsh |
| 653 ## - INDEX TERM--UNCONTROLLED | |
| Resource For college | Informatics and Computer Science |
| -- | Engineering, Electrical |
| Arrived date list | August2015 |
| 655 ## - INDEX TERM--GENRE/FORM | |
| Genre/form data or focus term | Distributed Systems- year 2. |
| Form subdivision | |
| General subdivision | Computer Science |
| Chronological subdivision | Semester 2. 2008/2009 |
| 700 1# - ADDED ENTRY--PERSONAL NAME | |
| Personal name | Dollimore, Jean. |
| 9 (RLIN) | 4261 |
| 700 1# - ADDED ENTRY--PERSONAL NAME | |
| Personal name | Kindberg, Tim. |
| 9 (RLIN) | 4262 |
| 942 ## - ADDED ENTRY ELEMENTS (KOHA) | |
| Item type | Book - Borrowing |
| Call number prefix | 004.36COU |
| Source of classification or shelving scheme | Dewey Decimal Classification |
| Withdrawn status | Item status | Source of classification or shelving scheme | Damaged status | Not for loan | Vendor | Home library | Current library | Shelving location | Date acquired | Source of acquisition | Total Checkouts | Total Renewals | Full call number | Barcode | Date last seen | Date last borrowed | Koha item type | Checked out |
|---|---|---|---|---|---|---|---|---|---|---|---|---|---|---|---|---|---|---|
| Dewey Decimal Classification | Alahram | Central Library | Central Library | Lower Floor | 21/10/2007 | 2 | 10 | 004.36 COU | 000006362 | 15/07/2025 | 09/11/2020 | Book - Borrowing | ||||||
| Dewey Decimal Classification | Alahram | Central Library | Central Library | Lower Floor | 21/10/2007 | 1 | 8 | 004.36 COU | 000009218 | 15/07/2025 | 07/12/2020 | Book - Borrowing | ||||||
| Dewey Decimal Classification | Alahram | Central Library | Central Library | Lower Floor | 14/12/2008 | 004.36 COU | 000009217 | 15/07/2025 | Book - Borrowing | |||||||||
| Dewey Decimal Classification | Baccah | Central Library | Central Library | Lower Floor | 05/03/2009 | 1 | 6 | 004.36 COU | 000015183 | 27/04/2019 | 27/04/2019 | Book - Borrowing | 10/10/2023 | |||||
| Dewey Decimal Classification | Baccah | Central Library | Central Library | Lower Floor | 05/03/2009 | 1 | 2 | 004.36 COU | 000015182 | 25/03/2009 | 25/03/2009 | Book - Borrowing | 18/12/2021 | |||||
| Dewey Decimal Classification | Baccah | Central Library | Central Library | Lower Floor | 05/03/2009 | 004.36 COU | 000015181 | 15/07/2025 | NB - Book (Non borrowing) |